书目信息 |
| 题名: |
标枪
|
|
| 作者: | 席凯强 , 李昕 编著 | |
| 分册: | ||
| 出版信息: | 北京 人民体育出版社 1997 |
|
| 页数: | 107页 | |
| 开本: | 19cm | |
| 丛书名: | 田径教学训练实用丛书 | |
| 单 册: | ||
| 中图分类: | G824.3 | |
| 科图分类: | ||
| 主题词: | 标枪投掷 | |
| 电子资源: | ||
| ISBN: | 7-5009-1458-X | |
| 000 | 00647nam2 2200241 45 | |
| 001 | 1257953432 | |
| 005 | 20121016083631.54 | |
| 010 | @a7-5009-1458-X@dCNY6.00 | |
| 100 | @a19971112d1997 em y0chiy0121 ea | |
| 101 | 0 | @achi |
| 102 | @aCN@b110000 | |
| 105 | @ay z 000yy | |
| 200 | 10 | @a标枪@Abiao qiang@f席凯强,李昕编著 |
| 210 | @a北京@c人民体育出版社@d1997 | |
| 215 | @a107页@d19cm | |
| 225 | 2 | @a田径教学训练实用丛书 |
| 410 | 0 | @120010@a田径教学训练实用丛书 |
| 606 | @a标枪投掷 | |
| 690 | @aG824.3@v3 | |
| 701 | 0 | @a席凯强@Axi kai qiang@4编著 |
| 701 | 0 | @a李昕@Ali xin@4编著 |
| 801 | 0 | @aCN@bTSSF@c19971125 |
| 905 | @a10447@dG824.3@eJY217 | |
| 标枪/席凯强,李昕编著.-北京:人民体育出版社,1997 |
| 107页;19cm.-(田径教学训练实用丛书) |
| ISBN 7-5009-1458-X:CNY6.00 |
| ● |
| 相关链接 |
|
|
|
|
正题名:标枪
索取号:G824.3/JY217
 
预约/预借
| 序号 | 登录号 | 条形码 | 馆藏地/架位号 | 状态 | 备注 |
| 1 | 7828987 | 278289870 | 学院路分馆/ [索取号:G824.3/JY217] | 在馆 |